00000000nam##2200000za#4500
0019.572543
003CaOODSP
00520220111083112
007cr |||||||||||
008150406|1998||||xxc|||||o    f|0| 0 eng|d
022 |a1928-6414
040 |aCaOODSP|beng
043 |an-cn---
0861 |aNE22-1/1998-3E-PDF
1101 |aCanada. |bNational Energy Board.
24510|aReasons for decision in the matter of Interprovincial Pipe Line Inc. : |h[electronic resource]|bapplication dated 2 December 1997, as amended, for the Terrace Phase I Expansion Program
2461 |iVariant title : |aInterprovincial Pipe Line Inc.
260 |aCalgary - Alberta : |bNational Energy Board |cJune 1998.
300 |a49p.|bfigs., glossary, map, tables
4901 |aReasons for decision|x1928-6414|vOH-1-98
500 |aCopy imperfect: Appendix III p. 41, incomplete. The catalogue number (NE22-1/1998-3E) and ISBN (0-662-26864-4) for the print edition have been incorrectly copied in this electronic publication.
590 |a12-09-Supp|b2012-03-21
77508|tMotifs de décision relativement à Pipeline Interprovincial Inc. : |w(CaOODSP)9.602888
7760#|tInterprovincial Pipe Line Inc. : |w(CaOODSP)9.614396
830#0|aReasons for decision (Canada. National Energy Board)|x1928-6414|vOH-1-98|w(CaOODSP)9.504480
85640|ahttp://publications.gc.ca|qPDF|s218 KB|uhttps://publications.gc.ca/collections/Collection/NE22-1-1998-3E.pdf|yOH-1-98